00493nam a22001577a 4500020001500000040000900015082001500024100002800039245003800067250001800105260004000123650003800163942001200201999001900213952010300232 a9814053848 cNUST a530.8bBEN aJohn P. Bentley9125354 aPrinciples of Measurement Systems aThird Edition aIndia:bLibrary of congress,c2000. 2Principles of Measurement Systems 2ddccBK c611110d611110 00102ddc4070aCEMEbCEMEcGENd2024-08-26l0o530.8 BENpCEME-36450r2024-08-26w2024-08-26yBK